01385cam a22003854i 4500003000900000005001700009008004100026035002000067040003300087100003400120245014100154264001000295300002400305336002100329337002500350338002300375502005800398504002400456520037800480526001000858526001000868526000900878526000900887526000900896526000900905526000900914526000900923526000900932526000800941526000800949526000800957526000800965526000800973650001800981PE-LiUPU20250731165435.0160510s2010 pe a grm 000 0 spa d a(Sirsi) a156642 aPE-LiUPUbspacPE-LiUPUerda1 aGuimac Cabrera, Danieleautor13aEl significado de las expresiones idiomáticas: "En Cristo" y "Conforme al Espíritu", según romanos 8:1-4 /cDaniel Guimac Cabrera. 0c2010. a130 hojas c28.5 cm atext2rdacontent aunmediated2rdamedia avolume2rdacarrier aTesisb(Lic.) -- cUniversidad Peruana Unión,d2011 aIncluye referencias3 aEl investigador se propone en primer lugar, construir el análisis interpretativo de la expresión idiomática ., mediante la exégesis bíblica para demostrar las implicancias en la vida del cristiano y su diario caminar hacia la vida eterna; en segundo lugar, analizar y proponer una interpretación de la expresión .. y su relevancia en la teología adventista. aSEG44 aSEG26 aP151 aP150 aP149 aP146 aP145 aP126 aP125 aP92 aP75 aP74 aP27 aP1504aRomanos 8:1-4